00493nam a2200169Ia 4500003000400000008004100004040001600045082001900061100002000080245009100100700002000191260002900211300001000240650001400250650003000264650002900294GCL140319s9999 xx 000 0 eng d aGCL / cGCL04aCCb913.2bS P1 aSAUNERON, SERGE10aPARALLELE GEOGRAPHIQUE DE L'ANCIENNE EGYPTE ET DE L'EGYPTE MODERNE / cSAUNERON, SERGE1 aMARTIN, MAURICE a[S.N] : bIFAO ، c1982 a247 P04aGEOGRAPHY04aANCIENT EGYPT - GEOGRAPHY04aMODERN EGYPT - GEOGRAPHY